Pilote de F1 ayant marqué le plus de points entre 2003 et 2009 - Statistiques

Statistiques générales
  • Ce quiz a été pris 58 fois
  • Le résultat moyen est 11 sur 20
Statistiques - réponses
Rang Saisons Pilote Points % Correct
3 4 Michael SCUMACHER 424
98%
13 4 Ralf SCHUMACHER 152
98%
7 3 Lewis HAMILTON 256
96%
1 7 Fernando ALONSO 577
93%
2 7 Kimi RAIKKONEN 546
87%
16 3 Sebastian VETTEL 125
85%
5 6 Felipe MASSA 316
83%
6 7 Jenson BUTTON 299
80%
4 7 Rubens BARRICHELLO 335
61%
18 4 Nico ROSBERG 75,5
52%
12 7 Mark WEBBER 167,5
50%
15 6 David COULTHARD 135
43%
9 7 Jarno TRULLI 208,5
41%
8 4 Juan Pablo MONTOYA 226
37%
11 7 Giancarlo FISICHELLA 193
35%
14 4 Robert KUBICA 137
33%
17 3 Heikki KOVALAINEN 105
24%
10 7 Nick HEIDFELD 200
19%
19 3 Timo GLOCK 51
17%
20 6 Takuma SATO 42
13%
Aucun quiz correspondant
Distribution des résultats
% des personnes avec chaque résultat
Percentile par nombre de réponses
Votre historique - résultats
Vous n’avez pas pris ce quiz